Normal view
MARC view
Entry Topical Term
001 - CONTROL NUMBER
- control field: 27458
003 - CONTROL NUMBER IDENTIFIER
- control field: ARRUPE
005 - DATE AND TIME OF LATEST TRANSACTION
- control field: 20161115122611.0
008 - FIXED-LENGTH DATA ELEMENTS
- fixed length control field: 161115|| aca||aabn | a|a d
040 ## - CATALOGING SOURCE
- Original cataloging agency: ARRUPE
- Transcribing agency: ARRUPE
150 ## - HEADING--TOPICAL TERM
- Topical term or geographic name as entry element: Music
- General subdivision: History & criticism
- Chronological subdivision: 20th century
- Geographic subdivision: Zimbabwe
670 ## - SOURCE DATA FOUND
- Source citation: Work cat.: (ARRUPE): Zindi, Fred 27457, Music yeZimbabwe